000 01441nam a2200229Ia 4500
003 Ost
005 20260416102357.0
008 260416s9999||||xx |||||||||||||| ||und||
040 _cfsecg
041 _aara
082 _a1.53
100 _aبوازدية، جمال
_eمؤلف
245 0 _aالأمن السيبراني :
_bمحاضرات مقدمة لطلبة السنة الثانية ماستر : تخصص دراسات استراتيجية و أمنية /
_c جمال بوازدية
260 _aالجزائر
_bجامعة الجزائر3: كلية العلوم الإقتصادية، العلوم التجارية وعلوم التسيير
_c2021
300 _a92 ورقة
_bايضاحات
_c30 سم
520 _aالفضاء السيبراني ، الامن السيبراني، الانظمة المعلوماتية ، الجريمة السيبرانية ، الاطار العلمي أو التطبيقي ، الاستراتيجية الجزائرية في مواجهة الجرائم السيبرانية على المستوى الوطني الاقليمي و الدولي .
653 _aالحاسبات الالكترونية
653 _aالسيبرانتيك
653 _aنظم المعلومات- المؤسسة الممتدة
710 _aجامعة الجزائر3: كلية العلوم الإقتصادية، العلوم التجارية وعلوم التسيير
_eناشر علمي
942 _cHANDOUT
999 _c41242
_d41242